[Event "Brasschaat op"]
[White "Oostvogels, Niek"]
[Black "Surmont, Yves"]
[Site "Brasschaat"]
[Round "8"]
[Result "1/2-1/2"]
[Date "2024.08.24"]
[WhiteElo "1960"]
[BlackElo "1900"]
[PlyCount "82"]
[EventDate "2024.08.17"]
[EventType "swiss"]
[EventRounds "9"]
[EventCountry "BEL"]
[SourceTitle "EXT 2025"]
[Source "ChessBase"]
[SourceDate "2024.10.14"]
[SourceVersion "1"]
[SourceVersionDate "2024.10.14"]
[SourceQuality "1"]

1. e4 c5 2. Nf3 e6 3. d3 Nc6 4. g3 g6 5. Bg2 Bg7 6. c3 Nge7 7. 0-0 0-0 8. Re1 d6 9. Be3 h6 10. Nbd2 Kh7 11. d4 cxd4 12. cxd4 d5 13. e5 Bd7 14. Nb3 Na5 15. Nxa5 Qxa5 16. Bd2 Qb6 17. Re3 Rfc8 18. Rb3 Qc7 19. Rc1 Bc6 20. Rbc3 Qd8 21. Bf1 Bd7 22. Qb3 Rxc3 23. Rxc3 Bc6 24. Bd3 Bf8 25. h4 Qd7 26. Qc2 h5 27. Qd1 Bb5 28. Bxb5 Qxb5 29. Rc7 Rc8 30. Ng5+ Kg8 31. Qf3 Qe8 32. Rxb7 Nf5 33. Bc3 Be7 34. Rxa7 Bxg5 35. hxg5 Qb5 36. Qd1 Kg7 37. Qa4 Qe2 38. Qd7 Rf8 39. Bb4 Ne3 40. Bxf8+ Kh8 41. fxe3 Qe1+ 1/2-1/2

[Event "Vlissingen HZ op 26th"]
[White "Oostvogels, Niek"]
[Black "Hirzel, Cedric"]
[Site "Vlissingen"]
[Round "6"]
[Result "1/2-1/2"]
[Date "2024.08.07"]
[WhiteElo "1960"]
[BlackElo "2116"]
[PlyCount "42"]
[EventDate "2024.08.03"]
[EventType "swiss"]
[EventRounds "9"]
[EventCountry "NED"]
[SourceTitle "CBM 221 Extra"]
[Source "ChessBase"]
[SourceDate "2024.09.30"]
[SourceVersion "1"]
[SourceVersionDate "2024.09.30"]
[SourceQuality "1"]

1. e4 e6 2. d4 d5 3. Nc3 Nf6 4. Bg5 dxe4 5. Nxe4 Nbd7 6. Nf3 Be7 7. Nxf6+ Bxf6 8. h4 0-0 9. Qe2 c5 10. 0-0-0 cxd4 11. Qe4 e5 12. Bxf6 Qxf6 13. Bb5 Re8 14. Rxd4 Nc5 15. Qe3 a6 16. Bxe8 exd4 17. Nxd4 Be6 18. Nxe6 Rxe8 19. Qxc5 Qxe6 20. Qa5 h6 21. Rd1 Qf6 1/2-1/2

[Event "Vlissingen HZ op 23rd"]
[White "Oostvogels, Niek"]
[Black "Bezemer, Arno J"]
[Site "Vlissingen"]
[Round "6"]
[Result "0-1"]
[Date "2019.08.07"]
[WhiteElo "1929"]
[BlackElo "2245"]
[PlyCount "52"]
[EventDate "2019.08.03"]
[EventType "swiss"]
[EventRounds "9"]
[EventCountry "NED"]
[SourceTitle "CBM 191 Extra"]
[Source "ChessBase"]
[SourceDate "2019.09.30"]
[SourceVersion "1"]
[SourceVersionDate "2019.09.30"]
[SourceQuality "1"]

1. e4 c5 2. Nf3 d6 3. g3 Nc6 4. Bg2 g6 5. 0-0 Bg7 6. c3 e5 7. d3 Nge7 8. a3 0-0 9. b4 a6 10. Nbd2 h6 11. Nb3 b6 12. Bb2 f5 13. exf5 Bxf5 14. Nh4 Bd7 15. Qe2 Be6 16. Nd2 Qd7 17. Nc4 Rab8 18. Rfe1 d5 19. Ne3 g5 20. Nf3 Qe8 21. c4 e4 22. dxe4 dxe4 23. Rad1 exf3 24. Bxf3 Nd4 25. Bxd4 cxd4 26. Ng4 Ng6 0-1

[Event "Vlissingen HZ op 22nd"]
[White "Oostvogels, Niek"]
[Black "Stillger, Bernhard"]
[Site "Vlissingen"]
[Round "5"]
[Result "1/2-1/2"]
[Date "2018.08.07"]
[WhiteElo "1948"]
[BlackElo "2271"]
[PlyCount "118"]
[EventDate "2018.08.04"]
[EventType "swiss"]
[EventRounds "9"]
[EventCountry "NED"]
[SourceTitle "CBM 185 Extra"]
[Source "ChessBase"]
[SourceDate "2018.07.29"]
[SourceVersion "1"]
[SourceVersionDate "2018.07.29"]
[SourceQuality "1"]

1. e4 e6 2. d3 c5 3. Nf3 Nc6 4. g3 Nge7 5. Bg2 g6 6. 0-0 Bg7 7. c3 0-0 8. Re1 e5 9. Be3 d6 10. a3 h6 11. b4 b6 12. Ra2 Be6 13. Rae2 Rc8 14. b5 Na5 15. c4 Qd7 16. Nfd2 g5 17. f3 Kh7 18. Nf1 Ng6 19. Bd2 f5 20. Nc3 f4 21. g4 Bf6 22. h3 Rce8 23. Bc1 Bd8 24. Qc2 Kg7 25. Bh1 Rh8 26. Rh2 h5 27. Ree2 Rh6 28. Ref2 Reh8 29. Bb2 Bf7 30. Bc1 Nf8 31. Bb2 Nb7 32. Bc1 Ne6 33. Ne2 Nd4 34. Nxd4 cxd4 35. Bd2 Be6 36. Bb4 Be7 37. Qd2 Ra8 38. Qd1 Kf7 39. Ra2 Rhh8 40. a4 a5 41. Ba3 Rh6 42. Raf2 Rah8 43. Qe2 R8h7 44. Nd2 Ke8 45. Nb3 Nd8 46. Bc1 Nf7 47. Bd2 Bd8 48. Be1 Ke7 49. Bd2 Nh8 50. Be1 Ng6 51. Nd2 Kf7 52. Nb3 Rh8 53. Bd2 Nf8 54. Be1 Nh7 55. Bd2 Nf6 56. Rfg2 Nh7 57. Rf2 Nf8 58. Be1 Ng6 59. Bd2 R8h7 1/2-1/2

[Event "Vlissingen HZ op 22nd"]
[White "Lammens, Tim"]
[Black "Oostvogels, Niek"]
[Site "Vlissingen"]
[Round "2"]
[Result "1-0"]
[Date "2018.08.05"]
[WhiteElo "2293"]
[BlackElo "1948"]
[PlyCount "61"]
[EventDate "2018.08.04"]
[EventType "swiss"]
[EventRounds "9"]
[EventCountry "NED"]
[SourceTitle "CBM 185 Extra"]
[Source "ChessBase"]
[SourceDate "2018.07.29"]
[SourceVersion "1"]
[SourceVersionDate "2018.07.29"]
[SourceQuality "1"]

1. Nf3 d5 2. g3 Nf6 3. Bg2 c6 4. 0-0 Bg4 5. c4 e6 6. d3 Nbd7 7. cxd5 exd5 8. h3 Bxf3 9. Bxf3 Bd6 10. e4 dxe4 11. dxe4 Qc7 12. Nc3 0-0 13. Bg2 Rad8 14. Qc2 Ne5 15. Bg5 Be7 16. Bf4 Bd6 17. Rad1 Nh5 18. Bg5 f6 19. Be3 Nc4 20. Bc1 Kh8 21. Ne2 b5 22. b3 Na3 23. Bxa3 Bxa3 24. Bf3 g6 25. Bxh5 gxh5 26. Nd4 Rg8 27. Ne6 Rxg3+ 28. fxg3 Qxg3+ 29. Qg2 Qe3+ 30. Kh1 Rg8 31. Rd8 1-0

[Event "Leiden LCT op-B 11th"]
[White "Oostvogels, Niek"]
[Black "Boeters, Stefan"]
[Site "Leiden"]
[Round "6"]
[Result "0-1"]
[Date "2017.07.20"]
[WhiteElo "1905"]
[BlackElo "1798"]
[PlyCount "114"]
[EventDate "2017.07.14"]
[EventType "swiss"]
[EventRounds "9"]
[EventCountry "NED"]
[SourceTitle "EXT 2018"]
[Source "ChessBase"]
[SourceDate "2017.10.13"]
[SourceVersion "1"]
[SourceVersionDate "2017.10.13"]
[SourceQuality "1"]

1. e4 d6 2. Bc4 Nf6 3. d3 e5 4. Nf3 Be7 5. 0-0 0-0 6. c3 Nbd7 7. Nbd2 c6 8. d4 exd4 9. cxd4 Nxe4 10. Nxe4 d5 11. Bd3 dxe4 12. Bxe4 Nf6 13. Bc2 Bg4 14. Be3 Qd5 15. Bb3 Bxf3 16. Qxf3 Qxf3 17. gxf3 Rad8 18. Rad1 Nd5 19. Rfe1 Rfe8 20. Re2 Bf6 21. Kf1 Kf8 22. Rde1 h6 23. Kg2 Rd7 24. Kf1 Bd8 25. Bd2 Rxe2 26. Rxe2 Bc7 27. h3 Nf4 28. Bxf4 Bxf4 29. d5 cxd5 30. a4 d4 31. Ke1 d3 32. Re4 Bc1 33. Bc4 d2+ 34. Kd1 Bxb2 35. Bb5 Rd8 36. Re3 Bf6 37. Rd3 Rxd3 38. Bxd3 Bc3 39. Kc2 Ke7 40. Be2 Ba5 41. Kb3 Kd6 42. Kc4 Kc6 43. Bd1 a6 44. Bc2 b5+ 45. Kd3 Kc5 46. Bd1 bxa4 47. Bxa4 Kb4 48. Bd1 Ka3 49. Kc2 Bb4 50. Be2 a5 51. Bb5 a4 52. Bc4 d1Q+ 53. Kxd1 Kb2 54. Bxf7 a3 55. f4 a2 56. Bxa2 Kxa2 57. f5 Be7 0-1

[Event "Vlissingen HZ op 20th"]
[White "Oostvogels, Niek"]
[Black "Zeng, Chongsheng"]
[Site "Vlissingen"]
[Round "1"]
[Result "0-1"]
[Date "2016.08.06"]
[WhiteElo "1942"]
[BlackElo "2538"]
[PlyCount "48"]
[EventDate "2016.08.06"]
[EventType "swiss"]
[EventRounds "9"]
[EventCountry "NED"]
[SourceTitle "CBM 173 Extra"]
[Source "ChessBase"]
[SourceDate "2016.08.29"]
[SourceVersion "1"]
[SourceVersionDate "2016.08.29"]
[SourceQuality "1"]

1. e4 c6 2. d4 d5 3. Nc3 dxe4 4. Bc4 Nf6 5. f3 exf3 6. Nxf3 e6 7. Bg5 Be7 8. Qe2 Nbd7 9. 0-0-0 Nb6 10. Bb3 0-0 11. Rhf1 a5 12. a4 Nbd5 13. Nxd5 cxd5 14. c3 b6 15. Ne5 Ba6 16. Nd3 Ne4 17. Bxe7 Qxe7 18. Qe3 Rfc8 19. Bc2 b5 20. Rf4 b4 21. Ne5 f6 22. Ng4 bxc3 23. Bxe4 dxe4 24. Rxe4 Qb4 0-1

[Event "Maastricht Limburg op-B 9th"]
[White "Oostvogels, Niek"]
[Black "Van den Bos, Frans Pieter"]
[Site "Maastricht"]
[Round "2"]
[Result "1/2-1/2"]
[Date "2015.05.23"]
[WhiteElo "1888"]
[BlackElo "1959"]
[PlyCount "117"]
[EventDate "2015.05.22"]
[EventType "swiss"]
[EventRounds "7"]
[EventCountry "NED"]
[SourceTitle "EXT 2016"]
[Source "ChessBase"]
[SourceDate "2015.10.08"]
[SourceVersion "1"]
[SourceVersionDate "2015.10.08"]
[SourceQuality "1"]

1. e4 e6 2. d4 d5 3. e5 c5 4. c3 Nc6 5. Nf3 Qb6 6. Bd3 cxd4 7. cxd4 Bd7 8. 0-0 Nxd4 9. Nbd2 Nxf3+ 10. Nxf3 Bb5 11. Be3 Qa6 12. Bxb5+ Qxb5 13. b4 Qd7 14. Qb3 Ne7 15. Rac1 Nf5 16. Bd2 Be7 17. g4 Nh6 18. Bxh6 gxh6 19. Rc2 Rc8 20. Rxc8+ Qxc8 21. Qa4+ Kf8 22. Qxa7 Rg8 23. h3 h5 24. Qe3 hxg4 25. Qh6+ Rg7 26. hxg4 Kg8 27. Rc1 Rxg4+ 28. Kh2 Qf8 29. Qxf8+ Bxf8 30. a3 Rc4 31. Rg1+ Bg7 32. Kg2 Rg4+ 33. Kf1 Rxg1+ 34. Kxg1 f6 35. Nd4 Kf7 36. Nb5 Ke7 37. Nd6 fxe5 38. Nxb7 e4 39. b5 Bd4 40. a4 Kd7 41. Na5 Kc7 42. Nb3 e5 43. a5 e3 44. fxe3 Bxe3+ 45. Kf1 h5 46. Ke2 Bb6 47. axb6+ Kxb6 48. Ke3 Kxb5 49. Nd2 Kc5 50. Nf3 Kd6 51. Nh4 Ke6 52. Kf3 Kf6 53. Ke3 Kg5 54. Nf3+ Kf5 55. Nh4+ Kg4 56. Ng6 e4 57. Nf4 h4 58. Nxd5 h3 59. Nf6+ 1/2-1/2